[Event "Lovfalds EMT 17th Basis 1"]
[Site "Ringsted"]
[Date "2003.09.21"]
[Round "4"]
[White "Koch, Alain"]
[Black "Jensen, Karsten"]
[Result "1-0"]
[WhiteElo "1700"]
[BlackElo "1745"]
[PlyCount "81"]
[EventDate "2003.09.19"]
[EventType "tourn"]
[EventRounds "5"]
[EventCountry "DEN"]
[SourceTitle "EXT 2023"]
[Source "ChessBase"]
[SourceDate "2022.10.05"]
[SourceVersion "1"]
[SourceVersionDate "2022.10.05"]
[SourceQuality "1"]

1. e4 c5 2. Nf3 Nc6 3. c3 g6 4. d4 cxd4 5. cxd4 Bg7 6. Nc3 e6 7. Be3 d5 8. Bb5 Nge7 9. Rc1 0-0 10. 0-0 dxe4 11. Nxe4 Nb4 12. a3 Nbd5 13. Bc4 h6 14. b4 b6 15. Nc3 Bb7 16. Nxd5 Nxd5 17. Qd2 Kh7 18. Be2 Qd6 19. Ne1 f5 20. Qd3 Rac8 21. Rxc8 Rxc8 22. Bd2 Nf6 23. f3 Nd5 24. f4 Nc3 25. Nf3 Bxd4+ 26. Kh1 Nxe2 27. Qxe2 Bb2 28. a4 Rc2 29. Rd1 Bxf3 30. gxf3 Qc6 31. b5 Qc4 32. Qg2 Qxa4 33. Rg1 g5 34. fxg5 h5 35. g6+ Kg8 36. Qg5 Qd4 37. Qe7 Qf6 38. Qe8+ Kg7 39. Bg5 Rxh2+ 40. Kxh2 Qe5+ 41. Kh1 1-0

[Event "Lovfalds EMT 16th Master 3"]
[Site "Ringsted"]
[Date "2002.09.13"]
[Round "1"]
[White "Jensen, Karsten"]
[Black "Madsen, Morten"]
[Result "0-1"]
[WhiteElo "1725"]
[BlackElo "1839"]
[PlyCount "66"]
[EventDate "2002.09.13"]
[EventType "tourn"]
[EventRounds "5"]
[EventCountry "DEN"]
[SourceTitle "EXT 2023"]
[Source "ChessBase"]
[SourceDate "2022.10.05"]
[SourceVersion "1"]
[SourceVersionDate "2022.10.05"]
[SourceQuality "1"]

1. d4 c5 2. d5 d6 3. e4 g6 4. c4 Bg7 5. Nc3 Nf6 6. Be2 0-0 7. Nf3 a6 8. h3 Bd7 9. a4 a5 10. 0-0 Qb6 11. Nh4 Na6 12. f4 Qc7 13. f5 Qc8 14. Be3 Nb4 15. Qd2 Qe8 16. g4 Kh8 17. e5 dxe5 18. Bxc5 Na6 19. Bb6 Qc8 20. Qe3 Nb4 21. Rac1 Rg8 22. b3 gxf5 23. g5 f4 24. Qc5 Bh6 25. Qxe7 Rxg5+ 26. Kh2 Bg7 27. Rg1 Rg3 28. Rxg3 fxg3+ 29. Kxg3 Qg8 30. Kh2 Re8 31. Qd6 e4 32. Rf1 Ng4+ 33. hxg4 Be5+ 0-1

[Event "Lovsprings op-B 13th"]
[Site "Ringsted"]
[Date "2002.04.05"]
[Round "4"]
[White "Sorensen, Lindved"]
[Black "Jensen, Karsten"]
[Result "0-1"]
[WhiteElo "1624"]
[BlackElo "1716"]
[PlyCount "68"]
[EventDate "2002.03.08"]
[EventType "swiss"]
[EventRounds "7"]
[EventCountry "DEN"]
[SourceTitle "EXT 2023"]
[Source "ChessBase"]
[SourceDate "2022.10.05"]
[SourceVersion "1"]
[SourceVersionDate "2022.10.05"]
[SourceQuality "1"]

1. Nf3 c5 2. c4 g6 3. b3 Bg7 4. Nc3 Nf6 5. Bb2 Nc6 6. g3 e6 7. Ne4 d6 8. Bg2 e5 9. d3 Rb8 10. Nfd2 h5 11. h4 Ng4 12. Ng5 Nd4 13. Bd5 Be6 14. e3 Bxd5 15. cxd5 Nf5 16. Qf3 0-0 17. Nde4 b5 18. a3 Ne7 19. Nd2 e4 20. Ndxe4 Bxb2 21. Ra2 Be5 22. Nd2 Nf5 23. 0-0 Qb6 24. Kg2 Qb7 25. b4 cxb4 26. axb4 Bc3 27. Rb1 Bxd2 28. Rxd2 Ne5 29. Qe4 Rfe8 30. Rc2 Ng4 31. Qf3 Nfxe3+ 32. fxe3 Nxe3+ 33. Kh2 Nxc2 34. Ne4 Re5 0-1

[Event "Lovsprings op 12th B"]
[Site "Ringsted"]
[Date "2001.04.27"]
[Round "7"]
[White "Jensen, Karsten"]
[Black "Olsen, Morten Henrik"]
[Result "1/2-1/2"]
[WhiteElo "1727"]
[BlackElo "1735"]
[PlyCount "203"]
[EventDate "2001.03.02"]
[EventType "swiss"]
[EventRounds "7"]
[EventCountry "DEN"]
[SourceTitle "EXT 2023"]
[Source "ChessBase"]
[SourceDate "2022.10.05"]
[SourceVersion "1"]
[SourceVersionDate "2022.10.05"]
[SourceQuality "1"]

1. e4 e5 2. Bc4 Nf6 3. Nf3 Nc6 4. Ng5 Bc5 5. Bxf7+ Ke7 6. Bd5 d6 7. c3 Rf8 8. 0-0 Bg4 9. Qb3 h6 10. d4 Bb6 11. h3 Bd7 12. Bxc6 bxc6 13. Nf3 Nh5 14. Qd1 Qe8 15. Nh4 Nf4 16. Kh2 g5 17. Bxf4 gxh4 18. Bxh6 Rg8 19. f4 exf4 20. Bxf4 Qg6 21. Qe2 Raf8 22. Kh1 Bxh3 23. gxh3 Rxf4 24. Nd2 Rxf1+ 25. Rxf1 Qg3 26. Qf3 Qxf3+ 27. Nxf3 c5 28. Nxh4 cxd4 29. cxd4 c6 30. Nf5+ Ke6 31. h4 Rh8 32. Rg1 d5 33. Rg6+ Kf7 34. Rxc6 dxe4 35. Nd6+ Ke7 36. Nc8+ Kd7 37. Rxb6 axb6 38. Nxb6+ Kc6 39. Nc4 Rxh4+ 40. Kg2 e3 41. Nxe3 Rxd4 42. Kf3 Rd2 43. Nc4 Rc2 44. b3 Kc5 45. Ke3 Rxa2 46. Kd3 Kb4 47. Nd2 Rb2 48. Ke3 Kc3 49. Ne4+ Kxb3 50. Kd4 Kb4 51. Kd5 Rb1 52. Kd4 Rd1+ 53. Ke5 Kc4 54. Nd6+ Kd3 55. Kd5 Ra1 56. Nc4 Rc1 57. Ne5+ Kc3 58. Nf3 Rd1+ 59. Ke5 Rd3 60. Ke4 Rd8 61. Ke5 Kd3 62. Ne1+ Kc4 63. Nc2 Re8+ 64. Kf4 Rf8+ 65. Ke4 Kc3 66. Ne3 Re8+ 67. Kf4 Kd3 68. Nd5 Kd4 69. Nf6 Re1 70. Kf5 Re5+ 71. Kf4 Ra5 72. Ne4 Ra1 73. Ng3 Kd5 74. Ke3 Ke5 75. Ne2 Ra3+ 76. Kd2 Rf3 77. Nc3 Rh3 78. Ne2 Ke4 79. Nc3+ Kd4 80. Ne2+ Kc4 81. Nc1 Rg3 82. Ne2 Rd3+ 83. Ke1 Re3 84. Kf2 Kd3 85. Nf4+ Ke4 86. Ng2 Ra3 87. Nh4 Rh3 88. Ng2 Rf3+ 89. Ke2 Ra3 90. Kf2 Rb3 91. Nh4 Rb6 92. Ng2 Rf6+ 93. Kg3 Rf8 94. Nh4 Ke3 95. Ng2+ Kd3 96. Nf4+ Ke3 97. Ng2+ Ke4 98. Nh4 Rg8+ 99. Kf2 Kf4 100. Nf3 Rb8 101. Ke2 Rg8 102. Kf2 1/2-1/2

[Event "Lovsprings op 12th B"]
[Site "Ringsted"]
[Date "2001.03.16"]
[Round "3"]
[White "Hansen, Morten Lyck"]
[Black "Jensen, Karsten"]
[Result "0-1"]
[WhiteElo "1748"]
[BlackElo "1727"]
[PlyCount "62"]
[EventDate "2001.03.02"]
[EventType "swiss"]
[EventRounds "7"]
[EventCountry "DEN"]
[SourceTitle "EXT 2023"]
[Source "ChessBase"]
[SourceDate "2022.10.05"]
[SourceVersion "1"]
[SourceVersionDate "2022.10.05"]
[SourceQuality "1"]

1. d4 Nf6 2. c4 c5 3. e3 e6 4. Nf3 b6 5. Nc3 Bb7 6. d5 exd5 7. cxd5 g6 8. e4 Bg7 9. Be2 0-0 10. Bg5 h6 11. Bh4 d6 12. 0-0 Re8 13. Nd2 a6 14. a4 a5 15. f4 Nbd7 16. Bd3 Qc8 17. Nc4 Qb8 18. Bg3 Nh5 19. Bh4 Ba6 20. Nb5 Bxb5 21. axb5 Bd4+ 22. Kh1 Ndf6 23. Qc2 Ra7 24. Rae1 Kg7 25. Nxd6 Qxd6 26. e5 Bxe5 27. fxe5 Rxe5 28. Rxe5 Qxe5 29. Re1 Qxd5 30. Bc4 Qd4 31. Rd1 Qxh4 0-1

[Event "Lovsprings op 11th B"]
[Site "Ringsted"]
[Date "2000.04.07"]
[Round "3"]
[White "Jensen, Karsten"]
[Black "Pedersen, Allan"]
[Result "1-0"]
[WhiteElo "1652"]
[BlackElo "1672"]
[PlyCount "106"]
[EventDate "2000.03.24"]
[EventType "swiss"]
[EventRounds "7"]
[EventCountry "DEN"]
[SourceTitle "EXT 2023"]
[Source "ChessBase"]
[SourceDate "2022.10.05"]
[SourceVersion "1"]
[SourceVersionDate "2022.10.05"]
[SourceQuality "1"]

1. e4 c5 2. Nf3 d6 3. d4 cxd4 4. Nxd4 a6 5. Nc3 Nf6 6. Be2 Nc6 7. Be3 Bd7 8. Nb3 b5 9. a3 e6 10. g4 h6 11. f4 Be7 12. Qd2 Qc7 13. h3 Nh7 14. 0-0-0 Nf8 15. f5 Ne5 16. Qd4 Bc6 17. Bf4 Nfd7 18. fxe6 fxe6 19. Qd2 Nb6 20. Nd4 Bd7 21. h4 Nbc4 22. Bxc4 Nxc4 23. Qg2 Nxa3 24. e5 0-0 25. Nf5 exf5 26. exd6 Qc4 27. dxe7 Qxf4+ 28. Qd2 Qxd2+ 29. Rxd2 Rfe8 30. Rxd7 Nc4 31. gxf5 Ne5 32. Rc7 Kf7 33. Nd5 Ng4 34. Re1 Nf6 35. Nf4 Rac8 36. Ra7 Ra8 37. Rxa8 Rxa8 38. Re6 Ra7 39. Ng6 Ra8 40. Ne5+ Kg8 41. Nc6 Ne8 42. Nd8 Ra7 43. c3 Rd7 44. Kc2 Rd6 45. Re5 g6 46. fxg6 Rxg6 47. Kb3 Kg7 48. Kb4 Rd6 49. Rf5 Rf6 50. Rxf6 Kxf6 51. Nc6 Ke6 52. Ka5 Kd6 53. Nd4 Nc7 1-0

[Event "Lovfalds 13th D"]
[Site "Ringsted"]
[Date "1999.09.19"]
[Round "4"]
[White "Jensen, Karsten"]
[Black "Hovmoller, Kristian"]
[Result "0-1"]
[WhiteElo "1708"]
[BlackElo "1711"]
[PlyCount "72"]
[EventDate "1999.09.17"]
[EventType "tourn"]
[EventRounds "5"]
[EventCountry "DEN"]
[SourceTitle "EXT 2023"]
[Source "ChessBase"]
[SourceDate "2022.10.05"]
[SourceVersion "1"]
[SourceVersionDate "2022.10.05"]
[SourceQuality "1"]

1. e4 c5 2. Nf3 d6 3. d4 cxd4 4. Nxd4 Nf6 5. Nc3 a6 6. Be2 e5 7. Nb3 Be6 8. Bg5 Nbd7 9. Bf3 Be7 10. Qd2 Rc8 11. Be3 Qc7 12. 0-0 0-0 13. Rfd1 b5 14. a3 Nb6 15. Bxb6 Qxb6 16. Nc1 a5 17. Nd3 Bd7 18. Ne2 Rc4 19. Ng3 Rfc8 20. Rac1 Qc7 21. c3 Be6 22. Qe3 Bf8 23. h4 Nd7 24. Qg5 h6 25. Qe3 Ra4 26. Ne2 Kh7 27. g3 g6 28. Bg2 f5 29. f4 Nf6 30. exf5 Ng4 31. fxg6+ Kg7 32. Nd4 Rxd4 33. cxd4 Nxe3 34. Rxc7+ Rxc7 35. Re1 Nxg2 36. Kxg2 e4 0-1

[Event "Lovfalds 13th D"]
[Site "Ringsted"]
[Date "1999.09.18"]
[Round "2"]
[White "Hansen, Svend"]
[Black "Jensen, Karsten"]
[Result "1/2-1/2"]
[WhiteElo "1617"]
[BlackElo "1708"]
[PlyCount "128"]
[EventDate "1999.09.17"]
[EventType "tourn"]
[EventRounds "5"]
[EventCountry "DEN"]
[SourceTitle "EXT 2023"]
[Source "ChessBase"]
[SourceDate "2022.10.05"]
[SourceVersion "1"]
[SourceVersionDate "2022.10.05"]
[SourceQuality "1"]

1. d4 Nf6 2. Nf3 e6 3. Bf4 d5 4. e3 c5 5. c3 Qb6 6. Bxb8 Rxb8 7. Qb3 Qxb3 8. axb3 a6 9. Nbd2 cxd4 10. exd4 b5 11. Be2 Bd6 12. 0-0 h5 13. Rfc1 Bf4 14. Rc2 Rb6 15. c4 bxc4 16. bxc4 dxc4 17. Nxc4 Rb8 18. Nce5 Nd5 19. Bxa6 Bxa6 20. Rxa6 Nb4 21. Nc6 Nxc2 22. Nxb8 Nxd4 23. Nxd4 Bxb8 24. Rb6 0-0 25. Nc6 Bd6 26. g3 Ra8 27. b4 Kf8 28. Kg2 Ke8 29. h4 Kd7 30. Nd4 Ra4 31. Rb7+ Ke8 32. Nc6 Ra2 33. Nd4 Rb2 34. Nb5 Bxb4 35. Nc7+ Kf8 36. Na6 Ba3 37. Rxb2 Bxb2 38. Nc5 Ke7 39. Kf3 Bd4 40. Nd3 e5 41. Ke4 Ke6 42. Kf3 f5 43. Kg2 Kd5 44. Kf1 Ke4 45. Ne1 f4 46. gxf4 exf4 47. Nf3 Kd3 48. Ne1+ Ke4 49. Ke2 Bc3 50. f3+ Kf5 51. Ng2 Bf6 52. Kf2 Ke5 53. Ke2 Bd8 54. Kf1 Bc7 55. Ke2 Kd5 56. Ne1 Bd8 57. Ng2 g5 58. hxg5 Bxg5 59. Kf1 h4 60. Nxf4+ Bxf4 61. Kg2 Bg3 62. Kh3 Ke5 63. Kg2 Kf4 64. Kh1 Kxf3 1/2-1/2

[Event "Lovfalds 13th D"]
[Site "Ringsted"]
[Date "1999.09.17"]
[Round "1"]
[White "Jensen, Karsten"]
[Black "Sandager, Ole"]
[Result "1-0"]
[WhiteElo "1708"]
[BlackElo "1548"]
[PlyCount "47"]
[EventDate "1999.09.17"]
[EventType "tourn"]
[EventRounds "5"]
[EventCountry "DEN"]
[SourceTitle "EXT 2023"]
[Source "ChessBase"]
[SourceDate "2022.10.05"]
[SourceVersion "1"]
[SourceVersionDate "2022.10.05"]
[SourceQuality "1"]

1. e4 e5 2. Nf3 Nf6 3. Bc4 Nc6 4. 0-0 Be7 5. d4 Nxe4 6. dxe5 d6 7. Bxf7+ Kxf7 8. Qd5+ Be6 9. Qxe4 d5 10. Qf4+ Ke8 11. Qg3 g6 12. Be3 Bf5 13. c3 Rf8 14. Nbd2 Bd3 15. Rfe1 Rf5 16. h4 Nxe5 17. Bg5 Nc6 18. Nd4 Be4 19. Nxf5 gxf5 20. f3 f4 21. Bxe7 Nxe7 22. Qxf4 Bg6 23. Re5 Kd7 24. Qg4+ 1-0

[Event "Lovfalds 12th C"]
[Site "Ringsted"]
[Date "1998.09.20"]
[Round "5"]
[White "Tanggaard, Stig"]
[Black "Jensen, Karsten"]
[Result "0-1"]
[WhiteElo "1815"]
[BlackElo "1776"]
[PlyCount "64"]
[EventDate "1998.09.18"]
[EventType "tourn"]
[EventRounds "5"]
[EventCountry "DEN"]
[SourceTitle "EXT 2023"]
[Source "ChessBase"]
[SourceDate "2022.10.05"]
[SourceVersion "1"]
[SourceVersionDate "2022.10.05"]
[SourceQuality "1"]

1. e4 c5 2. Nf3 Nc6 3. d4 cxd4 4. Nxd4 Nf6 5. Nc3 e5 6. Ndb5 d6 7. Bg5 a6 8. Na3 b5 9. Nd5 Be6 10. c4 Qa5+ 11. Bd2 b4 12. Nxf6+ gxf6 13. Nc2 Qb6 14. Ne3 Bh6 15. Bd3 a5 16. 0-0 Bxe3 17. Bxe3 Nd4 18. f4 h5 19. f5 Bd7 20. Kh1 Bc6 21. Rf3 h4 22. Rh3 Ke7 23. Qg1 Rag8 24. Bxd4 exd4 25. Rf3 Rg4 26. h3 Rg5 27. Qf2 Qc5 28. g4 hxg3 29. Rxg3 Rxf5 30. Qg2 Qe5 31. Rg4 Rfh5 32. Rg3 Qxg3 0-1

[Event "Lovfalds 12th C"]
[Site "Ringsted"]
[Date "1998.09.18"]
[Round "1"]
[White "Kristensen, Kasper"]
[Black "Jensen, Karsten"]
[Result "1/2-1/2"]
[WhiteElo "1867"]
[BlackElo "1776"]
[PlyCount "88"]
[EventDate "1998.09.18"]
[EventType "tourn"]
[EventRounds "5"]
[EventCountry "DEN"]
[SourceTitle "EXT 2023"]
[Source "ChessBase"]
[SourceDate "2022.10.05"]
[SourceVersion "1"]
[SourceVersionDate "2022.10.05"]
[SourceQuality "1"]

1. e4 c5 2. Nf3 Nc6 3. d4 cxd4 4. Nxd4 Nf6 5. Nc3 e5 6. Ndb5 d6 7. Bg5 a6 8. Bxf6 gxf6 9. Na3 b5 10. Nd5 Bg7 11. c4 b4 12. Nc2 a5 13. Be2 f5 14. Bf3 0-0 15. exf5 Bxf5 16. Nde3 Bxc2 17. Nxc2 Rc8 18. Bd5 Kh8 19. 0-0 f5 20. Qd2 Qf6 21. Rad1 Rfd8 22. Bxc6 Rxc6 23. b3 Rc5 24. a3 bxa3 25. Nxa3 Bf8 26. Nb5 a4 27. bxa4 Rxc4 28. Ra1 d5 29. Rfb1 d4 30. a5 d3 31. Na3 Bxa3 32. Rxa3 Rc2 33. Qd1 Qd6 34. Raa1 Qd4 35. Qf1 d2 36. a6 Rc7 37. Rd1 Rcd7 38. Rab1 e4 39. h3 f4 40. Qe2 Rg8 41. Rb7 Rxg2+ 42. Kh1 Rxf2 43. Qh5 Rh2+ 44. Kxh2 Qf2+ 1/2-1/2

[Event "Lovsprings op 10th B"]
[Site "Ringsted"]
[Date "1998.05.29"]
[Round "7"]
[White "Larsen, Soren Michael"]
[Black "Jensen, Karsten"]
[Result "1/2-1/2"]
[WhiteElo "1866"]
[BlackElo "1786"]
[PlyCount "20"]
[EventDate "1998.03.13"]
[EventType "swiss"]
[EventRounds "7"]
[EventCountry "DEN"]
[SourceTitle "EXT 2023"]
[Source "ChessBase"]
[SourceDate "2022.10.05"]
[SourceVersion "1"]
[SourceVersionDate "2022.10.05"]
[SourceQuality "1"]

1. e4 c5 2. Nf3 Nc6 3. d4 cxd4 4. Nxd4 e6 5. c3 a6 6. Be3 Nf6 7. Nd2 Qc7 8. Be2 d5 9. Nxc6 bxc6 10. exd5 cxd5 1/2-1/2

[Event "Lovsprings op 10th B"]
[Site "Ringsted"]
[Date "1998.03.27"]
[Round "3"]
[White "Jensen, Dennis"]
[Black "Jensen, Karsten"]
[Result "0-1"]
[WhiteElo "1648"]
[BlackElo "1786"]
[PlyCount "52"]
[EventDate "1998.03.13"]
[EventType "swiss"]
[EventRounds "7"]
[EventCountry "DEN"]
[SourceTitle "EXT 2023"]
[Source "ChessBase"]
[SourceDate "2022.10.05"]
[SourceVersion "1"]
[SourceVersionDate "2022.10.05"]
[SourceQuality "1"]

1. d4 f5 2. c4 Nf6 3. Nc3 c5 4. d5 d6 5. f3 g6 6. e4 fxe4 7. fxe4 Ng4 8. Be2 Ne5 9. Nf3 Nxf3+ 10. Bxf3 Bg7 11. Bd2 Nd7 12. Qc2 Ne5 13. Be2 0-0 14. h3 Bd7 15. 0-0-0 a6 16. Rhf1 Rxf1 17. Rxf1 b5 18. b3 bxc4 19. Bxc4 Nxc4 20. bxc4 Rb8 21. Nd1 Qb6 22. Bc3 Bh6+ 23. Bd2 Ba4 24. Qd3 Bg7 25. Bc3 Bxc3 26. Nxc3 Qb2# 0-1

[Event "Lovsprings op 09th B"]
[Site "Ringsted"]
[Date "1997.04.04"]
[Round "3"]
[White "Rasmussen, Henning H"]
[Black "Jensen, Karsten"]
[Result "1-0"]
[WhiteElo "1849"]
[BlackElo "1761"]
[PlyCount "54"]
[EventDate "1997.03.14"]
[EventType "swiss"]
[EventRounds "7"]
[EventCountry "DEN"]
[SourceTitle "EXT 2023"]
[Source "ChessBase"]
[SourceDate "2022.10.05"]
[SourceVersion "1"]
[SourceVersionDate "2022.10.05"]
[SourceQuality "1"]

1. e4 c5 2. d4 cxd4 3. c3 dxc3 4. Nxc3 Nc6 5. Nf3 g6 6. Bc4 Bg7 7. 0-0 d6 8. Qe2 Nf6 9. h3 0-0 10. Rd1 Nd7 11. Be3 Nde5 12. Nxe5 Nxe5 13. Bb3 Nc6 14. Rac1 Be6 15. Nd5 Rc8 16. Rc2 Bxd5 17. exd5 Na5 18. Ba4 Rxc2 19. Qxc2 Qc8 20. Rc1 Qxc2 21. Rxc2 b5 22. Bxb5 Rb8 23. b4 f5 24. Bd7 Nb7 25. Bxa7 Ra8 26. Rc8+ Rxc8 27. Bxc8 Nd8 1-0

[Event "Lovsprings op 08th B"]
[Site "Ringsted"]
[Date "1996.04.12"]
[Round "5"]
[White "Jensen, Karsten"]
[Black "Haar, Bjarne"]
[Result "0-1"]
[WhiteElo "1803"]
[BlackElo "1870"]
[PlyCount "51"]
[EventDate "1996.03.08"]
[EventType "swiss"]
[EventRounds "7"]
[EventCountry "DEN"]
[SourceTitle "EXT 2023"]
[Source "ChessBase"]
[SourceDate "2022.10.05"]
[SourceVersion "1"]
[SourceVersionDate "2022.10.05"]
[SourceQuality "1"]

1. d4 Nf6 2. c4 d6 3. Nf3 g6 4. Nc3 Bg7 5. Bg5 h6 6. Bh4 0-0 7. e3 g5 8. Nxg5 hxg5 9. Bxg5 Nh7 10. h4 f6 11. Bd3 fxg5 12. Bxh7+ Kxh7 13. hxg5+ Kg8 14. Qh5 Bf5 15. g6 Rf6 16. Nd5 e6 17. Nxf6+ Qxf6 18. Qf3 Nc6 19. g4 Bxg6 20. Qxf6 Bxf6 21. g5 Bg7 22. Ke2 Ne7 23. b4 c5 24. bxc5 dxc5 25. Rad1 cxd4 26. exd4 0-1

[Event "Lovsprings op 08th B"]
[Site "Ringsted"]
[Date "1996.03.22"]
[Round "3"]
[White "Olsen, Morten Henrik"]
[Black "Jensen, Karsten"]
[Result "1/2-1/2"]
[WhiteElo "1765"]
[BlackElo "1803"]
[PlyCount "80"]
[EventDate "1996.03.08"]
[EventType "swiss"]
[EventRounds "7"]
[EventCountry "DEN"]
[SourceTitle "EXT 2023"]
[Source "ChessBase"]
[SourceDate "2022.10.05"]
[SourceVersion "1"]
[SourceVersionDate "2022.10.05"]
[SourceQuality "1"]

1. e4 c5 2. Nf3 Nc6 3. d4 cxd4 4. Nxd4 Nf6 5. Nc3 e5 6. Ndb5 d6 7. Bg5 a6 8. Na3 b5 9. Bxf6 gxf6 10. Nd5 Bg7 11. c4 bxc4 12. Nxc4 0-0 13. Ndb6 Rb8 14. Nxc8 Rxc8 15. Nxd6 Qa5+ 16. Qd2 Qxd2+ 17. Kxd2 Rcd8 18. Bxa6 Rxd6+ 19. Kc3 Nd4 20. Bc4 Rc8 21. b3 Rb6 22. h4 Bf8 23. Rh3 Kh8 24. Kd3 Rc7 25. Rg3 Ra7 26. Rc1 Ba3 27. Rh1 Rb8 28. h5 Rg8 29. Rhh3 h6 30. Rxg8+ Kxg8 31. f4 Nc6 32. fxe5 Nb4+ 33. Ke2 fxe5 34. Rg3+ Kf8 35. Rf3 Nxa2 36. Rf5 Bb2 37. g4 Rd7 38. g5 hxg5 39. Rxg5 Nc3+ 40. Kf3 Bc1 1/2-1/2

[Event "Lovsprings op 07th B"]
[Site "Ringsted"]
[Date "1995.03.31"]
[Round "4"]
[White "Alstrup, Thomas"]
[Black "Jensen, Karsten"]
[Result "0-1"]
[WhiteElo "1711"]
[BlackElo "1792"]
[PlyCount "50"]
[EventDate "1995.03.10"]
[EventType "swiss"]
[EventRounds "7"]
[EventCountry "DEN"]
[SourceTitle "EXT 2023"]
[Source "ChessBase"]
[SourceDate "2022.10.05"]
[SourceVersion "1"]
[SourceVersionDate "2022.10.05"]
[SourceQuality "1"]

1. g3 Nf6 2. Bg2 d5 3. Nf3 c5 4. c4 d4 5. d3 Nc6 6. Bd2 a5 7. b3 e5 8. 0-0 h6 9. Be1 Bd6 10. Na3 Bg4 11. h3 Be6 12. Nc2 Qd7 13. Kh2 g5 14. Nd2 h5 15. Ne4 Nxe4 16. dxe4 f5 17. exf5 Bxf5 18. Bd2 h4 19. g4 e4+ 20. Kg1 Bxg4 21. hxg4 h3 22. f3 hxg2 23. Kxg2 Rh2+ 24. Kg1 Qh7 25. Bxg5 Rg2+ 0-1

[Event "Lovfalds 08th B"]
[Site "Ringsted"]
[Date "1994.09.09"]
[Round "2"]
[White "Larsen, Soren Michael"]
[Black "Jensen, Karsten"]
[Result "1-0"]
[WhiteElo "1854"]
[BlackElo "1809"]
[PlyCount "107"]
[EventDate "1994.09.02"]
[EventType "tourn"]
[EventRounds "5"]
[EventCountry "DEN"]
[SourceTitle "EXT 2023"]
[Source "ChessBase"]
[SourceDate "2022.10.05"]
[SourceVersion "1"]
[SourceVersionDate "2022.10.05"]
[SourceQuality "1"]

1. e4 e5 2. Nf3 Nf6 3. Nc3 Bc5 4. Bc4 Nc6 5. 0-0 d6 6. h3 h6 7. d3 a6 8. a4 Be6 9. Nd5 Qd7 10. Kh2 Nh7 11. Ne3 0-0-0 12. Bxe6 fxe6 13. c3 g5 14. b4 Ba7 15. b5 Nb8 16. Qb3 Bxe3 17. Bxe3 g4 18. bxa6 Nxa6 19. Rab1 c6 20. Ng1 gxh3 21. Nxh3 Ng5 22. f4 Nxh3 23. gxh3 exf4 24. Rxf4 Rdf8 25. Rbf1 Rxf4 26. Rxf4 Nc7 27. Bb6 d5 28. e5 Na6 29. Qd1 Rg8 30. Qf1 Qg7 31. d4 h5 32. Rf7 Qh6 33. Qf2 Kb8 34. Rf6 Qg7 35. Rxe6 Ka8 36. Rf6 Nb8 37. e6 Re8 38. a5 Qg8 39. Qf5 h4 40. Qg6 Qh8 41. Rf7 Na6 42. Rh7 Qf8 43. Qf7 Qd6+ 44. Kh1 Rb8 45. e7 Qd7 46. Rxh4 Re8 47. Rh7 c5 48. Kg2 Qa4 49. Kg3 Qb5 50. Kf4 Qf1+ 51. Ke5 Qe2+ 52. Kd6 Qb5 53. Qxd5 Rc8 54. Qxb7+ 1-0